|
|
|
|
| LEADER |
00000nam a2200000 a 4500 |
| 001 |
vtls001492847 |
| 003 |
SK-MaSNL |
| 005 |
20260302073815.0 |
| 008 |
240314s2004 xo l frb 100 0 cze |
| 015 |
|
|
|a SNBA2005/11-04384
|
| 020 |
|
|
|a 8080631611
|q (brož.)
|
| 040 |
|
|
|a SNK
|b slo
|c SNK
|e AACR2
|
| 041 |
1 |
|
|a cze
|b eng
|b cze
|h slo
|
| 044 |
|
|
|a xo
|c SK
|
| 072 |
|
7 |
|a 616.89
|x Psychiatria
|2 konspekt
|
| 080 |
|
|
|a 616-08
|2 MDT-MRF
|
| 080 |
|
|
|a (063)
|2 MDT-MRF
|
| 080 |
|
|
|a 616.895.1
|2 MDT-MRF
|
| 100 |
1 |
|
|a Vavrušová, Lívia,
|d 1958-
|4 aut
|9 20932
|
| 245 |
1 |
0 |
|a Bipolární porucha
|c Lívia Vavrušová a kolektív; [preložil: Eduard Rodák]
|
| 250 |
|
|
|a [1. vyd.]
|
| 260 |
|
|
|a Martin
|b Osveta
|c 2004
|
| 300 |
|
|
|a 202 s.
|b sch., tab.
|c 20 cm
|
| 504 |
|
|
|a Bibliogr. odkazy
|
| 546 |
|
|
|a Res. angl. a čes.
|
| 650 |
0 |
7 |
|a bipolárna afektívna porucha
|2 SNKPH
|9 74289
|
| 650 |
0 |
7 |
|a terapia
|2 SNKPH
|9 781
|
| 655 |
|
7 |
|a zborníky konferencií
|2 SNKPH
|9 70153
|
| 700 |
1 |
|
|a Rodák, Eduard
|4 trl
|9 738659
|
| 919 |
|
|
|a 80-8063-161-1
|
| 968 |
|
|
|b ČES
|d 61
|
| 999 |
|
|
|c 1162482
|d 1164412
|
| 952 |
|
|
|a SNK
|b SNK
|y PREZ
|7 0
|p 17A0457752
|o snkSD 74553
|i snk2005/2010
|8 0
|0 0
|1 0
|4 0
|d 2005-02-09
|l 0
|r 2025-11-21 00:00:00
|w 2026-02-24
|
| 952 |
|
|
|a SNK
|b SNK
|y VYP
|7 0
|p 17A0457709
|o snkSD 74553 D1
|i snk2005/2011
|8 0
|0 0
|1 0
|4 0
|d 2005-02-09
|l 0
|r 2017-06-30 00:00:00
|w 2026-02-24
|